000 00494nam a22001931a 4500
001 3196
003 OSt
005 20260204211841.0
008 040719s1971||||xxu||||||b||||||||||spa||
050 _a332.041 H229c
082 _a332.041 H229c
100 _aHarnecker, Marta
245 _aEl capital: conceptos fundamentales / Marta Harnecker
250 _a2
264 _aEstados Unidos de América : Universitaria
300 _a224 p
650 _a1.Capital 2.EconomíaÌ
942 _2ddc
_cBK
999 _c3196
_d3196